Biggest World Cities (A-Z by Last Letter) Beginning with Q - Statistics

General Stats
  • This quiz has been taken 59 times
    12 since last reset
  • The average score is 4 of 26
Answer Stats
Country Starts Place Ends Population % Correct
Canada Q Quebec C 528k
91%
China Q Qingdao O 3.7m
73%
Pakistan Q Quetta A 734k
64%
Iran Q Qom M 900k
55%
Philippines Q Quezon City Y 2.7m
36%
China Q Qiqihar R 882k
27%
Mozambique Q Quelimane E 188k
27%
China Q Quanzhou U 184k
9%
Portugal Q Queluz Z 103k
9%
Argentina Q Quilmes S 518k
9%
Iran Q Qaleh Ganj J 13k
0%
Afghanistan Q Qalehye Now W 16k
0%
Egypt Q Qalyub B 101k
0%
China Q Qapqal L 160k
0%
Kazakhstan Q Qarabulaq Q 35k
0%
Iran Q Qarchak K 251k
0%
Azerbaijan Q Qazax X 21k
0%
Iran Q Qazvin N 334k
0%
China Q Qianjiang G 179k
0%
China Q Qionghai I 480k
0%
Uzbekistan Q Qorasuv V 27k
0%
Iran Q Qorveh H 88k
0%
Pakistan Q Quaidabad D 21k
0%
Australia Q Queenscliff F 3k
0%
Saudi Arabia Q Qurayyat T 103k
0%
Vietnam Q Quy Hop P 116k
0%
No matching quizzes found
Score Distribution
Percent of People with Each Score
Percentile by Number Answered
Your Score History
You have not taken this quiz since the last reset